Flags of the Countries in the 1987 Rugby World Cup - Statistics

General Stats
  • This quiz has been taken 43 times
  • The average score is 15 of 16
Answer Stats
Picture Answer % Correct
Argentina
100%
Canada
100%
France
100%
Ireland
100%
Italy
100%
Japan
100%
New Zealand
100%
United States
100%
Australia
95%
England
95%
Fiji
95%
Romania
95%
Scotland
95%
Wales
95%
Tonga
86%
Zimbabwe
84%
No matching quizzes found
Score Distribution
Percent of People with Each Score
Percentile by Number Answered
Your Score History
You have not taken this quiz